000 01165nam a2200277Ia 4500
001 226.3-Mc* PES ru (57)
003 IT-MiSPE
008 171229s9999||||xx |||||||||||||| ||und||
040 _aIT-MiSPE
_cIT-MiSPE
041 _aITALIANO
100 _aRudolf Pesch
240 _aDas Evangelium der Urgemeinde
245 0 _aL'evangelo della comunità primitiva
250 _a1a ed. (v)
260 _aBrescia
_bPaideia
_c1984
300 _a219 p.
_c21 cm
490 _aStudi biblici
_v68
501 _aEdizioni San Paolo srl - Piazza Soncino, 5 - 20092 CINISELLO BALSAMO (MI) (non commercial uses only) ® Copyright 2018
520 _aOmero Soffritti (ed. it.)
650 _aBIBBIA. NT. Vangelo secondo Marco 8,27 - 16,8
700 _aAnna Sacchi
_g(traduzione)
700 _aOmero Soffritti
942 _cBK
957 _71
999 _a7986
_bNO
_g Copie: 1
_c339107
_d339107